Statistics for All PnB Rock Songs

Click here to take the quiz!

General Stats

  • This quiz has been taken 23 times
    (12 since last reset)
  • The average score is 53 of 136

Answer Stats

AlbumSong% Correct
GTTM: Goin Thru the MotionsNotice Me
83%
GTTM: Goin Thru the MotionsSelfish
83%
Catch These VibesIssues
75%
TrapStar Turnt PopStarMiddle Child
67%
GTTM: Goin Thru the MotionsMisunderstood
67%
RNB3No Time
67%
GTTM: Goin Thru the MotionsQuestions
67%
Catch These VibesScrub
67%
TrapStar Turnt PopStarABCD (Friend Zone)
58%
RNB3Alone
58%
RNB3Ballin'
58%
Catch These VibesConfide
58%
Catch These VibesCoupe
58%
Catch These VibesFace
58%
Catch These VibesFriends
58%
TrapStar Turnt PopStarGo to Mars
58%
GTTM: Goin Thru the MotionsHanging Up My Jersey
58%
2 Get You Thru the RainHIGH
58%
TrapStar Turnt PopStarI Like Girls
58%
TrapStar Turnt PopStarI Need More
58%
Money, Hoes, & Flows | RNB3Jealous
58%
Catch These VibesLondon
58%
Catch These VibesLovin'
58%
TrapStar Turnt PopStarMy Ex
58%
TrapStar Turnt PopStarPenny Proud
58%
GTTM: Goin Thru the MotionsPlans
58%
TrapStar Turnt PopStarStage Fright
58%
GTTM: Goin Thru the MotionsThere She Go
58%
Catch These Vibes1Day
50%
RNB3Aftermath
50%
TrapStar Turnt PopStarDreamin'
50%
Catch These VibesFeelins
50%
The Fate of the Furious: The AlbumHorses
50%
GTTM: Goin Thru the MotionsNew Day
50%
TrapStar Turnt PopStarNowadays
50%
GTTM: Goin Thru the MotionsPlaya No More
50%
Catch These VibesRewind
50%
GTTM: Goin Thru the MotionsSmile
50%
Catch These VibesTTM
50%
Catch These Vibes3X
42%
RNB3Ain't Me
42%
TrapStar Turnt PopStarAll These Bandz
42%
GTTM: Goin Thru the MotionsAttention
42%
RNBBand$ on You
42%
TrapStar Turnt PopStarChoosin
42%
TrapStar Turnt PopStarDeez Streets
42%
TrapStar Turnt PopStarEvolved
42%
RNB3Fall N Luv
42%
RNB3Feelin' Like Diddy
42%
TrapStar Turnt PopStarF**k Up the City
42%
SingleFleek
42%
Single #6Forever Never
42%
RNB2Free Da Real
42%
GTTM: Goin Thru the MotionsHeart Racin'
42%
TrapStar Turnt PopStarHMP
42%
TrapStar Turnt PopStarHow It Feels
42%
Catch These VibesiRun
42%
Catch These VibesLowkey
42%
TrapStar Turnt PopStarMe & U
42%
TrapStar Turnt PopStarNow or Never 2.0
42%
Catch These VibesPressure
42%
TrapStar Turnt PopStarPut You On
42%
GTTM: Goin Thru the MotionsRange Rover
42%
RNB (Real N***a Bangaz) | RNB3Right Now
42%
Single #4Rose Gold
42%
GTTM: Goin Thru the MotionsStand Back
42%
TrapStar Turnt PopStarSwervin'
42%
TrapStar Turnt PopStarTake My Soul
42%
2 Get You Thru the RainThat's My Bad
42%
TrapStar Turnt PopStarT-Shirt
42%
Catch These VibesVoicememowav.4
42%
RNB3What U Want
42%
RNB3Who Changed?
42%
Catch These VibesWTS
42%
2 Get You Thru the RainZaZa
42%
2 Get You Thru the RainEyes Open
33%
Single #3Fendi
33%
RNB (Real N***a Bangaz) | RNB2Intro
33%
2 Get You Thru the RainLost U 2 Da Game
33%
2 Get You Thru the RainYou Got Me
33%
RNB (Real N***a Bangaz)A Day in the Life
25%
RNB (Real N***a Bangaz)All Night Long
25%
RNB (Real N***a Bangaz)Come Up
25%
RNB2Dat N***a
25%
RNB (Real N***a Bangaz)FDH
25%
RNB3Free da Real, Pt. 2
25%
RNB2Friday Night
25%
RNB2FWU
25%
The Fate of the Furious: The AlbumGang Up
25%
RNB (Real N***a Bangaz)Get Naked
25%
RNB (Real N***a Bangaz)Harmony
25%
RNB2HMU
25%
RNB (Real N***a Bangaz)I Got Me
25%
RNB2I Know
25%
RNB (Real N***a Bangaz)I'ma Roll
25%
Money, Hoes, & FlowsJust Wanna Come Back
25%
Single #5Life Has Changed
25%
RNB (Real N***a Bangaz)Milan
25%
RNB (Real N***a Bangaz)My Zone
25%
RNB (Real N***a Bangaz)Not At All
25%
RNB (Real N***a Bangaz)Outta Better Way
25%
RNB2Rap N***as
25%
RNB (Real N***a Bangaz)Real Good
25%
RNB2Ride or Die
25%
RNB (Real N***a Bangaz)Stylish
25%
RNB (Real N***a Bangaz)Tell a Lie
25%
RNB2The Way We Living
25%
RNB2They Know
25%
RNB (Real N***a Bangaz)Thug in Ya Life
25%
Single #2Trust Issues
25%
RNB (Real N***a Bangaz)Turnin Over
25%
RNB (Real N***a Bangaz)What I Be Doin
25%
RNB (Real N***a Bangaz)Yung N Free
25%
Money, Hoes, & FlowsAddicted
17%
Money, Hoes, & FlowsBet On It
17%
RNB2Can't No More
17%
Money, Hoes, & FlowsFine Wine
17%
Money, Hoes, & FlowsHood Rich
17%
RNB2How to Whip It
17%
RNB2In This B***h
17%
RNB2Link Up
17%
RNB2My City Need Something
17%
Money, Hoes, & FlowsReally Really
17%
RNB2Run Around Telling Sh*t
17%
Money, Hoes, & FlowsRun It Up
17%
Money, Hoes, & FlowsSh*t We On
17%
Money, Hoes, & FlowsSpend the Night
17%
RNB2Swimmin
17%
RNB2Talkin About Money
17%
Money, Hoes, & FlowsThings You Like
17%
RNB2Will Never Change
17%
RNB2You Dont Have to Ask
17%
Money, Hoes, & FlowsZones
17%

Score Distribution

Percentile by Number Answered

Percent of People with Each Score

Your Score History

You have not taken this quiz since the last reset